Online
Catalog

Planeamiento de sistemas de riego para granjas / (Record no. 15045)

MARC details
000 -CABECERA
campo de control de longitud fija 01129nam a2200253 a 4500
001 - NÚMERO DE CONTROL
campo de control 000015489
005 - FECHA Y HORA DE LA ÚLTIMA TRANSACCIÓN
campo de control 20200929164044.0
008 - DATOS DE LONGITUD FIJA--INFORMACIÓN GENERAL
campo de control de longitud fija 100210s1972 mx a r 000 0 spa d
041 17 - CÓDIGO DE LENGUA
Código de lengua del texto/banda sonora o título independiente spa
Código de lengua original eng
Fuente del código Código de idioma MARC
082 ## - NÚMERO DE LA CLASIFICACIÓN DECIMAL DEWEY
Número de clasificación nn*
Número de documento/Ítem P712
049 ## - FONDOS LOCALES (OCLC)
Fondos de biblioteca BNGR
040 ## - FUENTE DE LA CATALOGACIÓN
Centro catalogador/agencia de origen DO-SdBNP
240 00 - TÍTULO UNIFORME
Título uniforme Planning farm irrigation systems.
Lenguaje de la obra Español
245 00 - MENCIÓN DE TÍTULO
Título Planeamiento de sistemas de riego para granjas /
Mención de responsabilidad, etc. Servicio de Conservación de Suelos, Departamento de Agricultura de los Estados Unidos ; traductor Emilio Ávila de la Torre.
260 ## - PUBLICACIÓN, DISTRIBUCIÓN, ETC.
Lugar de publicación, distribución, etc. México, D. F. :
Nombre del editor, distribuidor, etc. Diana,
Fecha de publicación, distribución, etc. 1972.
300 ## - DESCRIPCIÓN FÍSICA
Extensión 126 p. :
Otras características físicas il. ;
Dimensiones 23 cm.
440 #0 - MENCIÓN DE SERIE/PUNTO DE ACCESO ADICIONAL--TÍTULO
Título Manual de Ingeniería de Suelos
Nombre de parte o sección de la obra Sección 15: Riego
9 (RLIN) 34980
490 1# - MENCIÓN DE SERIE
Mención de serie Ingeniería de Suelos,
Designación de volumen o secuencia 2
534 ## - NOTA SOBRE LA VERSIÓN ORIGINAL
Localización del original Título original :
Mención de título del original Planning farm irrigation systems.
700 1# - PUNTO DE ACCESO ADICIONAL--NOMBRE DE PERSONA
Nombre de persona Ávila de la Torre, Emilio,
Término indicativo de función/relación tr.
9 (RLIN) 34981
710 1# - PUNTO DE ACCESO ADICIONAL--NOMBRE DE ENTIDAD CORPORATIVA
Nombre de entidad corporativa o nombre de jurisdicción como elemento de entrada Centro Regional de Ayuda Técnica, Agencia para el Desarrollo Internacional (AID).
9 (RLIN) 34983
710 1# - PUNTO DE ACCESO ADICIONAL--NOMBRE DE ENTIDAD CORPORATIVA
Nombre de entidad corporativa o nombre de jurisdicción como elemento de entrada Servicio de Conservación de Suelos, Departamento de Agricultura de los Estados Unidos.
9 (RLIN) 34982
830 #0 - PUNTO DE ACCESO ADICIONAL DE SERIE-TÍTULO UNIFORME
Título uniforme Ingeniería de Suelos,
Designación de volumen o secuencia 2
9 (RLIN) 34984
Holdings
Estado de retiro Estado de pérdida Restricciones de uso No para préstamo Código de colección Localización permanente Ubicación/localización actual Ubicación en estantería Fecha de adquisición Número de inventario Total de préstamos Signatura topográfica completa Código de barras Fecha visto por última vez Precio válido a partir de Tipo de ítem Koha Número de copia
    Préstamo interno   Monografías: Libros y Folletos General General Depósito 10.02.2010 LF1   nn* P712 15489-10 25.06.2020 25.06.2020 Préstamo interno  
    Préstamo interno Préstamo restrigido Monografías: Libros y Folletos General General En catalogación 10.02.2010 LF1   nn* P712 15489-20 25.06.2020 25.06.2020 Préstamo interno e. 2
    Préstamo interno   Monografías: Libros y Folletos General General En catalogación 23.02.2012 LF1   nn* P712 15489-30 25.06.2020 25.06.2020 Préstamo interno e. 3

Powered by Koha